| 000 | 00461 a2200169 4500 | ||
|---|---|---|---|
| 005 | 20250404153649.0 | ||
| 008 | 250404b |||||||| |||| 00| 0 eng d | ||
| 020 | _a9780691223193 | ||
| 041 | _aeng | ||
| 082 | _a155.92 CHE | ||
| 100 | _aCherry, Myisha | ||
| 245 | _aFailures of Forgiveness | ||
| 260 |
_aNew Jersey _bPrinceton Univeinrity Pres _c2023 |
||
| 300 | _a227;. pages: 23 cm | ||
| 650 | _aForgiveness-Philosophy; Restorative Justice | ||
| 942 | _cBK | ||
| 999 |
_c43564 _d43564 |
||